| 000 | 00681nam a22001937a 4500 | ||
|---|---|---|---|
| 999 |
_c18052 _d18052 |
||
| 003 | AR-CdUCM | ||
| 008 | 190511b ||||| |||| 00| 0 spa d | ||
| 020 | _a968-25-1330-8 | ||
| 040 |
_aMUNICIPALIDAD PROVINCIAL DEL CUSCO _cBIBLIOTECA MUNICIPAL DEL CUSCO |
||
| 082 |
_a574 / _bV67 _27 ed. |
||
| 100 |
_aVillee, Claude A. _938404 |
||
| 245 | _aBiología / | ||
| 260 |
_aMéxico : _bInteramericana, _c1988. |
||
| 300 |
_a875 páginas ; _c26 cm. |
||
| 505 | _aContenido : Biología y método científico -- Células y tejidos -- Energética celular -- Base molecular de la vida -- Filo cordados ... | ||
| 650 |
_aBiología. _9881 |
||
| 942 |
_2ddc _cLIBROS |
||
| 945 |
_arum _d2019-05-11 |
||